00699nam a2200205Ia 4500003000400000008004100004020002300045040000800068100004200076245008100118260003000199300001500229365001200244901002100256902003100277903005800308942001200366952009800378999001700476LDD181029s9999 xx 000 0 und d a415371589cP 24.99 cLDD aTransnational cinema: the film reader 0aTransnational cinemabthe film readercTransnational cinemabthe film reader aNew yorkbRoutledgec2006 avii, 205p. bP 24.99 a3499b20-11-2006 a8242b28-11-2006cFdOPe7 aDiscount-10bReqst by : Subhash Dhulia  2ddccBK 00102ddc4070976648aLDDbLDDl0o791.43 T688p059977r2018-11-01v2171.88w2018-11-01yBK c76649d76649